000 00579nam a2200217 a 4500
001 BRCA_3815
005 20190320204432.0
008 291109s1898----mx-a######---#000-0#spa-#
041 _aspa
044 _amx
050 4 _aF1215
_b.C67 1898
100 1 _aCorrea, Alberto.
_99942
245 1 0 _aGeografía de México
_cpor Alberto Correa.
260 _aMéxico
_bImp. de Eduardo Dublan
_c1898
300 _a128 p.
_bil.
_c21 cm.
500 _aIncluye índice de materias.
500 _aB170
650 1 4 _aMéxico
_eDescripción y viajes
_94504
902 _aGFM
942 _2lcc
_cB
999 _c3544
_d3544